000 00392nam a2200145Ia 4500
008 221030s9999 xx 000 0 und d
041 _aEnglish
082 _a105.23
_bRai
100 _aK. B. Raina
245 0 _aElectrical Engineering Materials & Electronic Components
_cby K. B. Raina
260 _bS.K. Kataria & Sons
_aNew Delhi
_c2001
300 _a205
650 _aECE & EE
942 _cBK
999 _c7115
_d7115